000 00513nam a2200181 4500
001 108369
003 ES-MaACL
007 t|
008 061121s1984 sp r ||||1| spa d
100 1 _aMoncada, Santiago.
_982121
245 1 0 _aVivamos hoy
_b: comedia en dos actos /
_cSantiago Moncada.
260 _aMadrid :
_bPreyson,
_c1984.
300 _a96 p. ;
_c16 cm.
490 1 _aArte escénico ;
_v38
830 0 _aArte escénico ;
_v38
_9180796
852 _aES-MaACL
_jL-7185
_bR.107883
999 _c108369
_d108369